| 000 | 00447nam a22001817a 4500 | ||
|---|---|---|---|
| 005 | 20230111104539.0 | ||
| 008 | 221219b |||||||| |||| 00| 0 eng d | ||
| 020 | _a978-9385274-10-7 | ||
| 041 | _aeng | ||
| 082 | _a615 DAS-T | ||
| 100 |
_aDAS , P.C. AND OTHERS _97385 |
||
| 245 | _aTEXT BOOK OF MEDICINE | ||
| 250 | _a6th ed. | ||
| 260 |
_aKOLKATA _bCURRENT BOOK INTERNATIONAL |
||
| 300 | _a680;P. | ||
| 650 |
_aBPT _96963 |
||
| 942 | _cBK | ||
| 999 |
_c8104 _d8102 |
||